1425 1984 1915 1234 1407 1169 1687 1381 1539 1612 1046 1736 1027 1470 1300 1922 1324 1370 1646 1750 1732 1669 1525 1818 1460 1258 1145 1782 1445 1093 1029 1470 1921 1592 1444 1620 1261 1594 1338 1851 1841 1304 1103 1159 1336 1293 1267 1720 1604 1755 1654 1223 1662 1702 1229 1798 1662 1056 1187 1314 1468 1890 1371 1924 1922 1021 1052 1491 1061 1715 1745 1361 1614 1171 1633 1324 1092 1837 1825 1438 1438 1322 1705 1206 1004 1057 1434 1155 1835 1849 1812 1570 1388 1367 1166 1959 1264 1096 1093 BCNSPRNW ULIB Ver.6.0+V

เปลี่ยนเป็นภาษาไทย

Change to English
 แสดงรายละเอียดบรรณานุกรม
  กลับหน้าหลัก

Brief Record : Get Marc (ISO 2709) : E-mail record : QR code < ปิดหน้าต่าง
LEADER : 00000nam 2200000uu 4500
001    13399111688
003     ULIB
008    110705s2006||||th 000 0 eng d
020    0443101280 (pbk.)
060 04 WQ165^bJ68s 2006
100 1  Johnson, Ruth
245 10 Skills for midwifery practice /^cRuth Johnson, WendyTaylor
250    2nd ed.
260    Edinburgh :^bElsevier/Churchill Livingstone,^cc2006
300    xi, 495 p. :^bill. ;^c25 cm.
504    Includes bibliographical references and index
650  2 Midwifery^xmethods
700 1  Taylor, Wendy,^d1956-
945    ^p1920^l0^i020386
995     Kesorn
999 ^a ใช้งานได้ทุกระบบ
รายการนี้ยังไม่มีแท็ก
คุณยังไม่ได้ล็อกอิน คุณสามารถมีกิจกรรมร่วมกับเว็บไซต์ได้ แต่ต้องล็อกอินก่อน ::
  ล็อกอิน

รายการสื่อสารสนเทศ

ลำดับที่ ประเภท เลขเรียก/บาร์โค้ด สถานที่ สถานะ
- ไม่พบข้อมูล -

รายการใกล้เคียง
    ผู้แต่ง [Johnson, Ruth]

BibComment


ยังไม่เคยถูกคอมเมนท์

คอมเมนท์ทรัพยากรรายการนี้
  คอมเมนท์: Skills for midwif..


 Copyright 2026. Bcnsprnw @Library